Statistiques concernant Pays finissant par la lettre L

Cliquez ici pour prendre le quiz!

Statistiques générales

  • Ce quiz a été pris 772 fois
  • Le résultat moyen est 4 sur 7

Statistiques - réponses

ContinentCountry% Correct
Amérique du SudBrésil
84%
AsieNépal
72%
EuropePortugal
71%
AsieIsraël
55%
AfriqueSénégal
54%
OcéanieÎles Marshall
50%
AsieTimor Oriental
30%

Distribution des résultats

Percentile par nombre de réponses

% des personnes avec chaque résultat

Votre développement - résultats

Vous n’avez pas pris ce quiz